Statistics for Top 12 Golden State Warriors of All-Time

Click here to take the quiz!

General Stats

  • This quiz has been taken 36 times
  • The average score is 6 of 12

Answer Stats

#PlayerWin Shares% Correct
3Stephen Curry103.2
97%
1Wilt Chamberlain112.4
89%
9Klay Thompson46.8
89%
10Draymond Green44.4
83%
5Rick Barry85.9
77%
6Chris Mullin79.6
74%
7Nate Thurmond68.6
43%
2Paul Arizin108.8
37%
4Neil Johnston92.0
20%
8Jeff Mullins62.2
17%
11Tom Gola43.4
14%
12Purvis Short42.1
9%

Score Distribution

Percentile by Number Answered

Percent of People with Each Score

Your Score History

You have not taken this quiz